000 00919nmm a2200277 a 4500
001 ocm000607281
003 TR-IsHL
005 20201028134748.0
008 131203s2009 tu tur
007 cr cn
020 _a9789759044534
035 _a607281
_b(N$T)
050 0 4 _aPK6561.M37
_bT36 2009
090 0 4 _aPK6561.M37
_bT36 2009
100 1 _aMestur, Mustafa
245 1 0 _aTanrının gül cemalini öp
_h[electronic resource] /
_cMustafa Mestur ; ed.Vesel Başçı
260 _aİstanbul :
_bAğaç Kitabevi Yayınları,
_c2009
300 _a128 p.
650 4 _aFelsefe, Psikoloji ve Din
650 4 _aPhilosophy, Psychology and Religion
650 0 _aFarsça roman
650 0 _aPersian fiction
650 7 _aLITERARY COLLECTIONS / Middle Eastern
_2bisacsh
700 1 _aBaşçı, Vesel
856 4 0 _uhttp://search.ebscohost.com/login.aspx?direct=true&scope=site&db=e011xww&AN=607281
999 _c6371
_d6371